[Event "Obert Figueres Miquel Mas 2011"]
[Site "Figueres ESP"]
[Date "2011.08.12"]
[Round "2.32"]
[White "Garcia, Richard"]
[Black "Lopez, Charles"]
[Result "1-0"]
[WhiteElo "1763"]
[BlackElo "1395"]
[PlyCount "85"]
[EventDate "2011.08.11"]
[EventType "swiss"]
[EventRounds "9"]
[EventCountry "ESP"]
[Source "lmi"]
[SourceDate "2011.08.11"]

1. d4 d5 2. c4 c6 3. g3 Nf6 4. Nf3 Nbd7 5. b3 e6 6. Bg2 Be7 7. O-O O-O 8. Bb2
b6 9. Nc3 a5 10. Ne5 Bb7 11. e4 Qc7 12. cxd5 exd5 13. Re1 Rad8 14. Qd2 Bb4 15.
a3 Bxc3 16. Qxc3 dxe4 17. Rac1 Nxe5 18. dxe5 Nd5 19. Qc2 f5 20. exf6 Nxf6 21.
Bxf6 gxf6 22. Rxe4 c5 23. Rf4 Bxg2 24. Kxg2 Rd7 25. Re1 Rg7 26. Qc4+ Qf7 27.
Qxf7+ Kxf7 28. Rd1 h5 29. Rd6 Ke7 30. Rxb6 Rg4 31. Rf5 Rg5 32. Rxg5 fxg5 33.
Rb5 Kd6 34. Rxa5 g4 35. b4 c4 36. Rc5 Ra8 37. Rxc4 Rxa3 38. Rc5 Rb3 39. Rxh5
Rxb4 40. Rf5 Ke6 41. Rf4 Rxf4 42. gxf4 Kf5 43. Kg3 1-0

[Event "Obert Figueres Miquel Mas 2011"]
[Site "Figueres ESP"]
[Date "2011.08.12"]
[Round "2.34"]
[White "Pruja Ramirez De C., Eduardo"]
[Black "Adrian, Louise"]
[Result "0-1"]
[WhiteElo "1735"]
[BlackElo "1365"]
[PlyCount "64"]
[EventDate "2011.08.11"]
[EventType "swiss"]
[EventRounds "9"]
[EventCountry "ESP"]
[Source "lmi"]
[SourceDate "2011.08.11"]

1. e4 c5 2. Nc3 Nc6 3. f4 g6 4. Nf3 Bg7 5. Bb5 e6 6. O-O Nge7 7. e5 d6 8. Ne4
dxe5 9. fxe5 O-O 10. Nf6+ Kh8 11. Qe1 Nd5 12. Nxd5 Qxd5 13. Bxc6 Qxc6 14. Qh4
Qd5 15. Ng5 h6 16. Nxf7+ Kh7 17. Nxh6 Rxf1+ 18. Kxf1 Bxh6 19. d3 Qxe5 20. Qxh6+
Kg8 21. Qxg6+ Qg7 22. Qe8+ Qf8+ 23. Qxf8+ Kxf8 24. Bh6+ Ke7 25. Ke2 e5 26. Rf1
Ke6 27. Rf8 Kd5 28. Re8 Bg4+ 29. Ke3 Rxe8 30. h3 Be6 31. g4 Rh8 32. Bg7 Rxh3+
0-1

[Event "Obert Figueres Miquel Mas 2011"]
[Site "Figueres ESP"]
[Date "2011.08.13"]
[Round "3.1"]
[White "Adrian, Claude"]
[Black "Alvarez, Pedraza Aramis"]
[Result "1-0"]
[WhiteElo "2291"]
[BlackElo "2551"]
[PlyCount "121"]
[EventDate "2011.08.11"]
[EventType "swiss"]
[EventRounds "9"]
[EventCountry "ESP"]
[Source "lmi"]
[SourceDate "2011.08.11"]

1. Nf3 Nf6 2. c4 e6 3. g3 a6 4. Bg2 b5 5. b3 Bb7 6. O-O c5 7. Bb2 Qb6 8. Nc3
Nc6 9. e3 Be7 10. d4 cxd4 11. exd4 Na5 12. Rb1 bxc4 13. bxc4 Qc7 14. c5 O-O 15.
Qe2 d6 16. Rfc1 dxc5 17. dxc5 Bc6 18. Ba3 Nd7 19. Ne4 Rab8 20. Rxb8 Rxb8 21.
Nd6 Nxc5 22. Nxf7 Bb5 23. Qc2 Bd3 24. Qxd3 Nxd3 25. Rxc7 Bxa3 26. Bh3 Rb7 27.
Rxb7 Nxb7 28. Bxe6 Kf8 29. N7e5 Ndc5 30. Nd7+ Ke7 31. Nxc5 Bxc5 32. Bc8 Nd6 33.
Bxa6 Ne4 34. Bd3 Nxf2 35. Bxh7 Kf6 36. Kg2 g6 37. Bg8 Ng4 38. Nd2 Kf5 39. Bb3
Ke5 40. h3 Ne3+ 41. Kf3 Nf5 42. Nc4+ Kf6 43. g4 Nd4+ 44. Ke4 Ne6 45. h4 Bf2 46.
h5 gxh5 47. gxh5 Kg5 48. Bd1 Ng7 49. a4 Be1 50. Ne5 Bc3 51. Nf7+ Kf6 52. Nd6
Kg5 53. Kd3 Ba5 54. Nf7+ Kf6 55. h6 Ne6 56. h7 Nf4+ 57. Ke4 Ng6 58. Ne5 Nh8 59.
Bc2 Bc3 60. Nc6 Ke6 61. Kd3 1-0

[Event "Obert Figueres Miquel Mas 2011"]
[Site "Figueres ESP"]
[Date "2011.08.13"]
[Round "3.3"]
[White "Pruja Ramirez De Cartagena, Marc"]
[Black "Oms Pallisse, Josep"]
[Result "1/2-1/2"]
[WhiteElo "2269"]
[BlackElo "2489"]
[PlyCount "145"]
[EventDate "2011.08.11"]
[EventType "swiss"]
[EventRounds "9"]
[EventCountry "ESP"]
[Source "lmi"]
[SourceDate "2011.08.11"]

1. e4 c6 2. Nf3 d5 3. Nc3 Bg4 4. h3 Bxf3 5. Qxf3 e6 6. g3 Nf6 7. Bg2 Nbd7 8.
O-O Bc5 9. Qe2 O-O 10. e5 Ne8 11. Kh2 Nc7 12. f4 a6 13. b3 f6 14. Bb2 fxe5 15.
fxe5 Qe7 16. Nd1 Rxf1 17. Bxf1 Rf8 18. d4 Ba3 19. Bxa3 Qxa3 20. Kg2 c5 21. c3
Nb8 22. Qb2 Qxb2+ 23. Nxb2 cxd4 24. cxd4 Nc6 25. Rd1 Nb5 26. Bxb5 axb5 27. Nd3
Ra8 28. Rd2 Kf7 29. Nc1 g5 30. Kf3 Rf8 31. Ke3 Ke7 32. Rf2 Rxf2 33. Kxf2 Nxd4
34. Ke3 Nc2+ 35. Kf3 Kf7 36. Nd3 Nd4+ 37. Ke3 Nc6 38. Kf3 h5 39. g4 hxg4+ 40.
hxg4 Ke7 41. Ke3 Kd8 42. Nc5 Ke7 43. Nd3 b4 44. Kf3 b6 45. Ke3 Kd7 46. Kf3 Kc7
47. Ke3 Kb7 48. Kf3 Ka6 49. Ke2 Ka5 50. Ke3 Kb5 51. Kf2 Nb8 52. Ke3 Nd7 53. Kd4
Nc5 54. Ne1 Ne4 55. Nf3 Kc6 56. Ne1 Nf2 57. Nf3 Nxg4 58. Nxg5 Kd7 59. Nf3 Nh6
60. Ke3 Ng4+ 61. Kd4 Nf2 62. Ne1 Kc6 63. Nc2 Kb5 64. Ke3 Nd1+ 65. Kd2 Nc3 66.
Nd4+ Kc5 67. Nxe6+ Kc6 68. Nf4 Nxa2 69. Nd3 Kd7 70. Ke3 Kc7 71. Kd4 Kc6 72. e6
Kd6 73. e7 1/2-1/2

[Event "Obert Figueres Miquel Mas 2011"]
[Site "Figueres ESP"]
[Date "2011.08.13"]
[Round "3.4"]
[White "Martinez, Duanny Lelys Stanle"]
[Black "Spielmann, Alain"]
[Result "1-0"]
[WhiteElo "2455"]
[BlackElo "2266"]
[PlyCount "67"]
[EventDate "2011.08.11"]
[EventType "swiss"]
[EventRounds "9"]
[EventCountry "ESP"]
[Source "lmi"]
[SourceDate "2011.08.11"]

1. e4 c6 2. d4 d5 3. e5 Bf5 4. Nf3 e6 5. Be2 c5 6. Be3 cxd4 7. Nxd4 Ne7 8. c4
Nbc6 9. Qa4 a6 10. Nc3 dxc4 11. Rd1 Bd3 12. Bxd3 cxd3 13. Nxc6 Nxc6 14. O-O Bb4
15. Qb3 Bxc3 16. Qxc3 Qd5 17. f4 O-O-O 18. Bc5 g5 19. Bd6 gxf4 20. Rxf4 Rhg8
21. g3 f5 22. Rxd3 Qxa2 23. Rc4 Kd7 24. Rxc6 bxc6 25. Ba3+ Ke8 26. Qxc6+ Kf7
27. Qc7+ Kg6 28. Rxd8 Rxd8 29. Qxd8 Qb1+ 30. Kf2 Qc2+ 31. Ke3 Qc1+ 32. Qd2 Qg1+
33. Kd3 Qf1+ 34. Qe2 1-0

[Event "Obert Figueres Miquel Mas 2011"]
[Site "Figueres ESP"]
[Date "2011.08.13"]
[Round "3.5"]
[White "Tillet, Louis-Juan"]
[Black "Anikaev, Yuri N"]
[Result "1/2-1/2"]
[WhiteElo "2204"]
[BlackElo "2438"]
[PlyCount "52"]
[EventDate "2011.08.11"]
[EventType "swiss"]
[EventRounds "9"]
[EventCountry "ESP"]
[Source "lmi"]
[SourceDate "2011.08.11"]

1. e4 e5 2. Nf3 Nc6 3. Bb5 a6 4. Ba4 Nf6 5. d4 exd4 6. O-O Be7 7. e5 Ne4 8.
Nxd4 Nxd4 9. Qxd4 Nc5 10. Nc3 O-O 11. Bg5 d6 12. Bxe7 Qxe7 13. exd6 Qxd6 14.
Qxd6 cxd6 15. Rad1 Rd8 16. Bb3 Be6 17. Bd5 Rac8 18. Rfe1 Kf8 19. f3 b5 20. a3
Bxd5 21. Rxd5 Nb7 22. Re2 Na5 23. a4 Nc4 24. axb5 Nxb2 25. Ne4 axb5 26. Rxb5
Nc4 1/2-1/2

[Event "Obert Figueres Miquel Mas 2011"]
[Site "Figueres ESP"]
[Date "2011.08.13"]
[Round "3.6"]
[White "Lorenzo De La Riva, Lazaro"]
[Black "Gonzalez Vericat, Sergio"]
[Result "1-0"]
[WhiteElo "2391"]
[BlackElo "2229"]
[PlyCount "43"]
[EventDate "2011.08.11"]
[EventType "swiss"]
[EventRounds "9"]
[EventCountry "ESP"]
[Source "lmi"]
[SourceDate "2011.08.11"]

1. e4 e6 2. d3 d5 3. Qe2 Nf6 4. Nf3 c5 5. g3 Be7 6. Bg2 b6 7. e5 Nfd7 8. c4 Bb7
9. O-O d4 10. h4 h6 11. h5 Nc6 12. Bf4 Qc7 13. Nbd2 O-O-O 14. Rfe1 Nf8 15. Ne4
Re8 16. a3 g5 17. Nd6+ Bxd6 18. exd6 Qd8 19. Ne5 Nxe5 20. Bxb7+ Kxb7 21. Bxe5
Rh7 22. Qf3+ 1-0

[Event "Obert Figueres Miquel Mas 2011"]
[Site "Figueres ESP"]
[Date "2011.08.13"]
[Round "3.7"]
[White "Casanellas Ruano, Lluis"]
[Black "Vishnu, Prasanna  V"]
[Result "0-1"]
[WhiteElo "2190"]
[BlackElo "2340"]
[PlyCount "98"]
[EventDate "2011.08.11"]
[EventType "swiss"]
[EventRounds "9"]
[EventCountry "ESP"]
[Source "lmi"]
[SourceDate "2011.08.11"]

1. c4 e6 2. d4 Nf6 3. Nf3 d5 4. Nc3 c6 5. cxd5 exd5 6. Bg5 Be7 7. e3 Bf5 8. Bd3
Bxd3 9. Qxd3 O-O 10. Ne5 Nbd7 11. Nxd7 Nxd7 12. Bxe7 Qxe7 13. O-O f5 14. b4 f4
15. exf4 Rxf4 16. g3 Rf7 17. b5 Re8 18. bxc6 bxc6 19. Rac1 Qe6 20. Rc2 Ref8 21.
f3 Nb6 22. Re2 Qh3 23. Rg2 Nc4 24. Ne4 Qe6 25. Ng5 Qf5 26. Ne4 h5 27. Rgf2 h4
28. gxh4 Qh7 29. Nc5 Qxh4 30. Rg2 Qh6 31. Rg6 Qe3+ 32. Qxe3 Nxe3 33. Ne6 Re8
34. Rc1 Kh7 35. Rxc6 Kxg6 36. Nc7+ Kg5 37. Nxe8 Rxf3 38. Rc1 g6 39. Nc7 Kf5 40.
Nb5 a6 41. Nc3 g5 42. Re1 Kf4 43. Na4 Ke4 44. Nc5+ Kxd4 45. Nxa6 Kd3 46. Nc7 d4
47. Ne6 Kd2 48. Nxd4 Rf4 49. Ne6 Kxe1 0-1

[Event "Obert Figueres Miquel Mas 2011"]
[Site "Figueres ESP"]
[Date "2011.08.13"]
[Round "3.8"]
[White "Houriez, Clement"]
[Black "Perez Calahorra, Ricardo"]
[Result "1/2-1/2"]
[WhiteElo "2328"]
[BlackElo "2181"]
[PlyCount "105"]
[EventDate "2011.08.11"]
[EventType "swiss"]
[EventRounds "9"]
[EventCountry "ESP"]
[Source "lmi"]
[SourceDate "2011.08.11"]

1. d4 d5 2. c4 c6 3. Nf3 Nf6 4. e3 Bf5 5. Nc3 e6 6. Nh4 Be4 7. f3 Bg6 8. Qb3
Qc7 9. Bd2 Nbd7 10. cxd5 exd5 11. Nxg6 hxg6 12. O-O-O b5 13. h4 Nb6 14. Kb1 Be7
15. Qc2 Nc4 16. Bc1 Qa5 17. e4 Rb8 18. Bd3 Rb6 19. Rde1 dxe4 20. Nxe4 Nxe4 21.
Rxe4 Qb4 22. Bxc4 bxc4 23. Rhe1 Rb7 24. Bd2 Qb5 25. Re5 Qb6 26. Bc3 Rh5 27.
Rxh5 gxh5 28. Qh7 Kd7 29. Qxg7 Bxh4 30. g3 Bd8 31. Qxf7+ Kc8 32. Qxh5 a5 33. d5
Qf2 34. Qg4+ Kb8 35. Qxc4 Rxb2+ 36. Bxb2 Qxe1+ 37. Bc1 cxd5 38. Qxd5 Bc7 39.
Qb3+ Kc8 40. f4 a4 41. Qg8+ Kd7 42. Qd5+ Bd6 43. Qd3 a3 44. Kc2 Qf2+ 45. Bd2
Qc5+ 46. Bc3 Qf2+ 47. Qd2 Qxg3 48. Be5 Qg6+ 49. Kb3 Qb1+ 50. Ka4 Qe4+ 51. Kb3
Qb1+ 52. Ka4 Qe4+ 53. Kb3 1/2-1/2

[Event "Obert Figueres Miquel Mas 2011"]
[Site "Figueres ESP"]
[Date "2011.08.13"]
[Round "3.9"]
[White "Balague Camps, Marc"]
[Black "Cuadras Avellana, Jorge"]
[Result "0-1"]
[WhiteElo "2119"]
[BlackElo "2304"]
[PlyCount "84"]
[EventDate "2011.08.11"]
[EventType "swiss"]
[EventRounds "9"]
[EventCountry "ESP"]
[Source "lmi"]
[SourceDate "2011.08.11"]

1. Nf3 Nf6 2. c4 b6 3. g3 c5 4. Bg2 Bb7 5. Nc3 g6 6. O-O Bg7 7. d4 cxd4 8. Qxd4
d6 9. Rd1 Nbd7 10. b3 Rc8 11. Bb2 O-O 12. Rac1 Nc5 13. Qd2 Ng4 14. Qc2 a6 15.
h3 Nf6 16. Ne1 Bxg2 17. Nxg2 Qd7 18. Kh2 Qb7 19. Nd5 Nxd5 20. Bxg7 Kxg7 21.
Rxd5 b5 22. Rdd1 Ne4 23. f3 Nf6 24. Qd3 bxc4 25. Rxc4 Rxc4 26. Qxc4 Rc8 27. Qd3
Rc5 28. e4 Qc6 29. Ne3 Rc3 30. Qe2 e6 31. Rd2 d5 32. e5 Nd7 33. Nc2 Qc7 34. f4
Nc5 35. Nd4 Ne4 36. Rd3 Rc1 37. Re3 Ra1 38. Qb2 Rd1 39. Nf3 Qc5 40. Qe2 Qc1 41.
Kg2 a5 42. Ne1 Rd2 0-1

[Event "Obert Figueres Miquel Mas 2011"]
[Site "Figueres ESP"]
[Date "2011.08.13"]
[Round "3.11"]
[White "Trigo Urquijo, Sergio"]
[Black "Colls Bosch, Emili"]
[Result "1-0"]
[WhiteElo "2248"]
[BlackElo "2015"]
[PlyCount "95"]
[EventDate "2011.08.11"]
[EventType "swiss"]
[EventRounds "9"]
[EventCountry "ESP"]
[Source "lmi"]
[SourceDate "2011.08.11"]

1. d4 Nf6 2. c4 e6 3. Nf3 b6 4. g3 Bb7 5. Bg2 Be7 6. O-O O-O 7. Re1 c5 8. d5
exd5 9. Nh4 Ne4 10. cxd5 Bxh4 11. Bxe4 f5 12. Bg2 Bg5 13. Bxg5 Qxg5 14. f4 Qf6
15. Nc3 Na6 16. e4 fxe4 17. Nxe4 Qxb2 18. Nd6 Rab8 19. Re5 Nb4 20. Be4 Qd4+ 21.
Qxd4 cxd4 22. Rd1 d3 23. a3 Na6 24. Bxd3 Nc5 25. Bc4 Ba6 26. Ba2 g6 27. Re7 Bd3
28. Rde1 Bf5 29. Bc4 Rf6 30. Ne8 Rf8 31. Nc7 Rf7 32. R7e3 Kg7 33. d6 Be6 34.
Bxe6 Nxe6 35. Nxe6+ dxe6 36. Rxe6 Rd8 37. Kg2 Kh6 38. Kf3 Rfd7 39. Rd1 Kg7 40.
g4 Kf7 41. f5 Rc8 42. Rde1 Rcd8 43. Re7+ Kf6 44. R1e6+ Kg5 45. Kg3 b5 46. h4+
Kh6 47. g5+ Kh5 48. Rxd7 1-0

[Event "Obert Figueres Miquel Mas 2011"]
[Site "Figueres ESP"]
[Date "2011.08.13"]
[Round "3.12"]
[White "Deleyn, Gunter"]
[Black "Buch Prades, Joan"]
[Result "1-0"]
[WhiteElo "2222"]
[BlackElo "1965"]
[PlyCount "105"]
[EventDate "2011.08.11"]
[EventType "swiss"]
[EventRounds "9"]
[EventCountry "ESP"]
[Source "lmi"]
[SourceDate "2011.08.11"]

1. c4 e5 2. g3 Nc6 3. Bg2 f5 4. Nc3 Nf6 5. e3 g6 6. Nge2 Bg7 7. O-O d6 8. d3
O-O 9. Rb1 Be6 10. Nd5 Rb8 11. f4 Ne7 12. e4 c6 13. Ne3 Qc7 14. Qc2 Nh5 15. b4
fxe4 16. dxe4 exf4 17. gxf4 Qd7 18. Bb2 Bh6 19. Qc3 Bg7 20. Qd3 Bh6 21. Rbd1
Nxf4 22. Nxf4 Bxf4 23. Rxf4 Rxf4 24. Qd4 Nc8 25. Qh8+ Kf7 26. Be5 g5 27. Bxf4
gxf4 28. Rf1 Kg6 29. Rxf4 Qg7 30. Qe8+ Kg5 31. Rf3 Qe7 32. Qh8 Ra8 33. Nf5 Bxf5
34. Rxf5+ Kh6 35. Rf6+ Kg5 36. Rf8 Nb6 37. Rxa8 Nxa8 38. Qxa8 Qf6 39. Qg8+ Kh6
40. Qg4 Qd4+ 41. Kf1 Qxc4+ 42. Kf2 Qxb4 43. h4 Qd2+ 44. Kg3 c5 45. Qf5 Qe1+ 46.
Kh3 Qc3+ 47. Kg4 Kg7 48. Qd7+ Kg8 49. Qxd6 Qb2 50. Qd5+ Kg7 51. e5 c4 52. Qd7+
Kg8 53. Qd8+ 1-0

[Event "Obert Figueres Miquel Mas 2011"]
[Site "Figueres ESP"]
[Date "2011.08.13"]
[Round "3.13"]
[White "Campo Echevarria, Juan Francisc"]
[Black "Colomer Camarasa, Jordi"]
[Result "1-0"]
[WhiteElo "2112"]
[BlackElo "1947"]
[PlyCount "111"]
[EventDate "2011.08.11"]
[EventType "swiss"]
[EventRounds "9"]
[EventCountry "ESP"]
[Source "lmi"]
[SourceDate "2011.08.11"]

1. e4 g6 2. d4 Bg7 3. c3 d5 4. exd5 Qxd5 5. Nf3 c5 6. Be3 cxd4 7. Bxd4 Bxd4 8.
Qxd4 Qxd4 9. Nxd4 a6 10. Be2 e5 11. Nb3 Ne7 12. N1d2 O-O 13. Nc4 Nbc6 14. Nb6
Rb8 15. O-O-O Bf5 16. g4 Be6 17. Nc5 Rfd8 18. Nxe6 fxe6 19. Bc4 Kf7 20. Rhe1
Rxd1+ 21. Rxd1 Rd8 22. Rxd8 Nxd8 23. Kd2 g5 24. Ke3 Ng6 25. Bd3 Nf8 26. Be4 h6
27. b4 Ke7 28. a4 Nd7 29. Nc8+ Kf6 30. a5 Kg7 31. h3 Kf6 32. Kd3 Kg7 33. f3 Kf6
34. Kc4 Nc6 35. Nd6 Ndb8 36. Nxb7 Ke7 37. Kc5 Kd7 38. Kb6 Ne7 39. Nc5+ Kd6 40.
Kb7 Nbc6 41. Bxc6 Nxc6 42. Kxa6 e4 43. Nxe4+ Kc7 44. b5 Ne5 45. Nd2 Nd3 46. b6+
Kb8 47. Kb5 Nf4 48. a6 Nxh3 49. Kc6 Nf4 50. c4 e5 51. Kd6 Nd3 52. c5 Nb4 53.
a7+ Kb7 54. c6+ Nxc6 55. a8=Q+ Kxa8 56. Kxc6 1-0

[Event "Obert Figueres Miquel Mas 2011"]
[Site "Figueres ESP"]
[Date "2011.08.13"]
[Round "3.14"]
[White "Lillo Ferrer, Jose Maria"]
[Black "Pinsach Gelabert, Alexandre"]
[Result "1-0"]
[WhiteElo "2151"]
[BlackElo "1896"]
[PlyCount "133"]
[EventDate "2011.08.11"]
[EventType "swiss"]
[EventRounds "9"]
[EventCountry "ESP"]
[Source "lmi"]
[SourceDate "2011.08.11"]

1. e4 e5 2. Nc3 Nf6 3. g3 d5 4. exd5 Nxd5 5. Bg2 Nxc3 6. bxc3 Bc5 7. Nf3 Nc6 8.
O-O O-O 9. Re1 f6 10. Bb2 Bg4 11. Qe2 Bxf3 12. Bxf3 Qd6 13. d4 exd4 14. Qc4+
Kh8 15. Re6 Ne5 16. Rxd6 Nxc4 17. Rd5 Bb6 18. Bc1 Ne5 19. Be2 c6 20. Rxd4 Bxd4
21. cxd4 Nd7 22. c4 Rfe8 23. Be3 b6 24. a4 c5 25. d5 Ne5 26. Kf1 g6 27. Bd2
Rad8 28. Bc3 Kg7 29. Rb1 h5 30. h3 Nf7 31. Rb2 Ng5 32. h4 Ne4 33. Be1 Re7 34.
Bd3 Rde8 35. Rb1 Re5 36. a5 Rb8 37. f3 Nd6 38. Bd2 Re7 39. Bf4 Rd7 40. Kf2 Rbb7
41. a6 Rb8 42. Rb2 Re8 43. Rb1 Nf7 44. Rd1 Ne5 45. Bc2 Nxc4 46. Ba4 Red8 47.
Bxd7 Rxd7 48. g4 Ne5 49. g5 c4 50. Bxe5 fxe5 51. Ke3 c3 52. Rc1 Rxd5 53. Rxc3
Rc5 54. Rd3 Rc7 55. Ke4 Re7 56. Rd8 Kf7 57. Kd5 Re8 58. Rd7+ Re7 59. Rb7 Kf8
60. Kd6 Rf7 61. Kxe5 Rxf3 62. Rxa7 Ra3 63. Kf6 Ke8 64. Kxg6 b5 65. Kxh5 b4 66.
g6 Kf8 67. Kh6 1-0

[Event "Obert Figueres Miquel Mas 2011"]
[Site "Figueres ESP"]
[Date "2011.08.13"]
[Round "3.15"]
[White "Gil Clariana, Jordi"]
[Black "Vidal Zamora, Alex"]
[Result "0-1"]
[WhiteElo "1828"]
[BlackElo "2112"]
[PlyCount "80"]
[EventDate "2011.08.11"]
[EventType "swiss"]
[EventRounds "9"]
[EventCountry "ESP"]
[Source "lmi"]
[SourceDate "2011.08.11"]

1. b4 e5 2. a3 d5 3. Bb2 Bd6 4. e3 Nf6 5. c4 c6 6. c5 Bc7 7. h3 Bf5 8. Nf3 Nbd7
9. Nh4 Be6 10. Nf3 O-O 11. d3 h6 12. Nbd2 Nh7 13. Qc2 f5 14. O-O-O a5 15. d4 e4
16. Ne1 axb4 17. axb4 f4 18. Nb1 fxe3 19. fxe3 Qh4 20. Qb3 Bg4 21. Nc3 Bxd1 22.
Qxd1 Bg3 23. Nc2 Rf6 24. Ne2 Raf8 25. Bc3 b5 26. Kb2 Ra8 27. Na1 Bf2 28. Bd2
Qg5 29. Qc1 Nhf8 30. Nb3 Ng6 31. Na5 Nh4 32. Nf4 Rxf4 33. exf4 Bxd4+ 34. Kb1
Qg6 35. Ka2 e3 36. Bxe3 Bxe3 37. Qxe3 Qc2+ 38. Ka3 Nxc5 39. g3 d4 40. Bd3 Qb3#
0-1

[Event "Obert Figueres Miquel Mas 2011"]
[Site "Figueres ESP"]
[Date "2011.08.13"]
[Round "3.16"]
[White "Triadu Cassa, Jordi"]
[Black "Ruiz Muñoz, Jose Carlos"]
[Result "1-0"]
[WhiteElo "2083"]
[BlackElo "1812"]
[PlyCount "27"]
[EventDate "2011.08.11"]
[EventType "swiss"]
[EventRounds "9"]
[EventCountry "ESP"]
[Source "lmi"]
[SourceDate "2011.08.11"]

1. e4 e6 2. d4 d5 3. Nc3 Bb4 4. e5 c5 5. a3 cxd4 6. axb4 dxc3 7. Nf3 Nc6 8. b5
cxb2 9. Bxb2 Qb6 10. Bd3 Bd7 11. bxc6 Qxb2 12. cxd7+ Kxd7 13. O-O a6 14. Rb1
1-0

[Event "Obert Figueres Miquel Mas 2011"]
[Site "Figueres ESP"]
[Date "2011.08.13"]
[Round "3.17"]
[White "Bosch Sola, Enric"]
[Black "Parals Marce, Luis"]
[Result "1/2-1/2"]
[WhiteElo "1820"]
[BlackElo "2077"]
[PlyCount "73"]
[EventDate "2011.08.11"]
[EventType "swiss"]
[EventRounds "9"]
[EventCountry "ESP"]
[Source "lmi"]
[SourceDate "2011.08.11"]

1. Nf3 d5 2. d3 Nf6 3. g3 e6 4. Bg2 Be7 5. O-O O-O 6. c4 b6 7. Nc3 Bb7 8. cxd5
Nxd5 9. Nxd5 Bxd5 10. Qc2 c5 11. b3 Nc6 12. Bb2 Bf6 13. Bxf6 Qxf6 14. Qd2 Nd4
15. Nxd4 Bxg2 16. Kxg2 Qxd4 17. Rac1 Qd5+ 18. Kg1 Rad8 19. Rc2 e5 20. Qe3 Rd6
21. Rc4 f5 22. f4 Re8 23. Qf3 e4 24. dxe4 fxe4 25. Qe3 Qd2 26. Kf2 Rd3 27. Qxd2
Rxd2 28. Ra4 a5 29. Re1 Kf7 30. Ke3 Rb2 31. Rd1 Re6 32. Rd2 Rxd2 33. Kxd2 e3+
34. Kd3 Rh6 35. Re4 Rxh2 36. Rxe3 Rh6 37. a4 1/2-1/2

[Event "Obert Figueres Miquel Mas 2011"]
[Site "Figueres ESP"]
[Date "2011.08.13"]
[Round "3.18"]
[White "Medina Masdeu, Rasen"]
[Black "Gonzalez Manchon, Juan Miguel"]
[Result "1-0"]
[WhiteElo "1794"]
[BlackElo "2069"]
[PlyCount "83"]
[EventDate "2011.08.11"]
[EventType "swiss"]
[EventRounds "9"]
[EventCountry "ESP"]
[Source "lmi"]
[SourceDate "2011.08.11"]

1. e4 c5 2. Nc3 g6 3. f4 e6 4. Nf3 Bg7 5. g3 Nc6 6. Bg2 Nge7 7. d3 O-O 8. Be3
b6 9. O-O d5 10. Bf2 dxe4 11. dxe4 Ba6 12. Re1 Nb4 13. Qc1 Qc7 14. a3 Nbc6 15.
e5 Rad8 16. Ne4 Nf5 17. g4 Nfd4 18. Kh1 Nxf3 19. Bxf3 Nd4 20. Bg2 Bb7 21. Re3
Rd7 22. Rd3 Rfd8 23. Bh4 f5 24. Bxd8 Rxd8 25. gxf5 gxf5 26. Ng3 c4 27. Rc3 Nb5
28. Re3 Bh6 29. Qf1 Kh8 30. c3 Qc5 31. Re2 Bxg2+ 32. Kxg2 Nc7 33. Rd1 Nd5 34.
Rd4 Rg8 35. Qf3 Qc6 36. Kf2 Rg4 37. Nxf5 exf5 38. Qxd5 Rxf4+ 39. Ke1 Qxd5 40.
Rxd5 Bg5 41. Rd4 Rf3 42. Rxc4 1-0

[Event "Obert Figueres Miquel Mas 2011"]
[Site "Figueres ESP"]
[Date "2011.08.13"]
[Round "3.19"]
[White "Garcia, Richard"]
[Black "Balague Canadell, Jordi"]
[Result "0-1"]
[WhiteElo "1763"]
[BlackElo "2063"]
[PlyCount "44"]
[EventDate "2011.08.11"]
[EventType "swiss"]
[EventRounds "9"]
[EventCountry "ESP"]
[Source "lmi"]
[SourceDate "2011.08.11"]

1. d4 d5 2. c4 e6 3. Nf3 Nf6 4. g3 Be7 5. Bg2 O-O 6. O-O dxc4 7. Nbd2 c5 8. e3
Nc6 9. Nxc4 Bd7 10. dxc5 Bxc5 11. b3 Qe7 12. Bb2 Rfd8 13. Qe2 a5 14. Nce5 Be8
15. Rfd1 Ba3 16. Nc4 Bxb2 17. Qxb2 b5 18. Nce5 Rac8 19. Rac1 Rxd1+ 20. Rxd1 b4
21. Rc1 Qd8 22. Qd2 Nxe5 0-1

[Event "Obert Figueres Miquel Mas 2011"]
[Site "Figueres ESP"]
[Date "2011.08.13"]
[Round "3.20"]
[White "Vinardell Cruanas, Sergi"]
[Black "Gimenez Aguirre, Ismael Alejo"]
[Result "1-0"]
[WhiteElo "2061"]
[BlackElo "1712"]
[PlyCount "79"]
[EventDate "2011.08.11"]
[EventType "swiss"]
[EventRounds "9"]
[EventCountry "ESP"]
[Source "lmi"]
[SourceDate "2011.08.11"]

1. e4 e6 2. d4 d5 3. Nc3 Nf6 4. e5 Nfd7 5. f4 c5 6. Nf3 a6 7. Be3 Nc6 8. Qd2
Qb6 9. Na4 Qb4 10. Qxb4 Nxb4 11. Kd2 cxd4 12. Nxd4 Nc5 13. Nxc5 Bxc5 14. c3 Nc6
15. Bd3 Bd7 16. Nxc6 Bxe3+ 17. Kxe3 bxc6 18. Kd4 Ke7 19. a4 Rhb8 20. Rhb1 h6
21. a5 Ra7 22. Kc5 g6 23. Ra4 Kd8 24. Rb4 Rxb4 25. Kxb4 Kc7 26. Kc5 Ra8 27. g4
Re8 28. h4 Bc8 29. Rf1 Rg8 30. Be2 Rf8 31. Bd3 Rg8 32. Rg1 Rg7 33. Rg2 Rg8 34.
Bf1 Rg7 35. h5 Rg8 36. hxg6 Rxg6 37. g5 hxg5 38. Rxg5 Rxg5 39. fxg5 Bb7 40. Be2
1-0

[Event "Obert Figueres Miquel Mas 2011"]
[Site "Figueres ESP"]
[Date "2011.08.13"]
[Round "3.21"]
[White "Parramon Ros, Francesc"]
[Black "Vidal Zamora, Cristina"]
[Result "1-0"]
[WhiteElo "2042"]
[BlackElo "1693"]
[PlyCount "79"]
[EventDate "2011.08.11"]
[EventType "swiss"]
[EventRounds "9"]
[EventCountry "ESP"]
[Source "lmi"]
[SourceDate "2011.08.11"]

1. d4 d5 2. Bf4 Nf6 3. e3 c5 4. Nf3 Nc6 5. Nc3 a6 6. dxc5 e6 7. Na4 Qa5+ 8. c3
Bd7 9. Nb6 Rd8 10. Bc7 Qxc5 11. Bxd8 Nxd8 12. Nxd7 Nxd7 13. Be2 Bd6 14. Qd4
Qxd4 15. cxd4 Nc6 16. O-O Ke7 17. Rfc1 e5 18. dxe5 Ndxe5 19. Nxe5 Bxe5 20. Rab1
d4 21. Bxa6 Nb4 22. Bxb7 Nxa2 23. Rc8 Rxc8 24. Bxc8 d3 25. f4 Bf6 26. Kf2 d2
27. Ke2 Bc3 28. bxc3 Nxc3+ 29. Kxd2 Nxb1+ 30. Kd3 Na3 31. Ba6 Kd6 32. Kc3 Kc5
33. Bd3 h6 34. e4 Nb5+ 35. Bxb5 Kxb5 36. Kd4 Kc6 37. e5 f5 38. h4 h5 39. g3 g6
40. Kc4 1-0

[Event "Obert Figueres Miquel Mas 2011"]
[Site "Figueres ESP"]
[Date "2011.08.13"]
[Round "3.22"]
[White "Temprano Mateos, Luis Jose"]
[Black "Torrent Lagresa, Josep M"]
[Result "1-0"]
[WhiteElo "2010"]
[BlackElo "1662"]
[PlyCount "99"]
[EventDate "2011.08.11"]
[EventType "swiss"]
[EventRounds "9"]
[EventCountry "ESP"]
[Source "lmi"]
[SourceDate "2011.08.11"]

1. d4 d5 2. c4 e6 3. Nf3 Nf6 4. g3 Be7 5. Bg2 O-O 6. O-O Nbd7 7. Nbd2 Rb8 8. b3
b6 9. Bb2 dxc4 10. Nxc4 Bb7 11. Rc1 c5 12. Nfe5 Bxg2 13. Kxg2 Nxe5 14. dxe5 Nd5
15. a3 f6 16. e4 Nc7 17. exf6 Bxf6 18. Qxd8 Rbxd8 19. Bxf6 gxf6 20. Rfd1 Nb5
21. a4 Nd4 22. Rd3 Kf7 23. e5 fxe5 24. Nxe5+ Ke7 25. Rcd1 Rd5 26. f4 Kf6 27.
Ng4+ Kf5 28. Ne3+ Ke4 29. Nxd5 exd5 30. Kf2 Rf7 31. Re3+ Kf5 32. Re5+ Kf6 33.
Rxd5 Nxb3 34. Rd6+ Kg7 35. Rd7 Nd4 36. Rxf7+ Kxf7 37. Ke3 Ke6 38. g4 Kd5 39. h4
a6 40. h5 b5 41. h6 b4 42. g5 Ke6 43. Ke4 Nf5 44. g6 Nxh6 45. gxh7 Nf7 46. Rd8
c4 47. h8=Q Nxh8 48. Rxh8 c3 49. Rh6+ Kd7 50. Kd3 1-0